| 000 | 00429nam a2200157Ia 4500 | ||
|---|---|---|---|
| 003 | GCL | ||
| 008 | 140319s9999 xx 000 0 eng d | ||
| 040 |
_aGCL / _cGCL |
||
| 082 | 0 | 4 |
_a005.74 _bB F |
| 100 | 1 |
_aBOWERS, DAVID S _vAuthor _@ _٠ؤÙÙ |
|
| 245 | 1 | 0 |
_aFROM DATA TO DATABASE / _cBOWERS, DAVID S |
| 260 |
_a[S.N] : _bCHAPMAN & HALL ، _c1993 |
||
| 300 | _a353 | ||
| 650 | 0 | 4 | _aDATA BASE MANAGEMENT |
| 942 |
_2ddc _cBK |
||
| 999 |
_c16225 _d16225 |
||